Manual of European environmental law (Record no. 50287)

MARC details
000 -LEADER
fixed length control field 00608nam a2200169 a 4500
008 - FIXED-LENGTH DATA ELEMENTS--GENERAL INFORMATION
fixed length control field 120416s9999 xx |||||||||||||| || u
020 ## - INTERNATIONAL STANDARD BOOK NUMBER
International Standard Book Number 0521469309
050 ## - LIBRARY OF CONGRESS CALL NUMBER
Classification number KE 6.9.N2 Kis
100 ## - MAIN ENTRY--PERSONAL NAME
Personal name Kiss, Alexandre
245 10 - TITLE STATEMENT
Title Manual of European environmental law
300 ## - PHYSICAL DESCRIPTION
Extent xxxvi, 525p.
350 ## - PRICE (NR) (BK AM CF MU VM SE) [OBSOLETE]
Price 0.00
650 ## - SUBJECT ADDED ENTRY--TOPICAL TERM
Topical term or geographic name entry element ENVIRONMENTAL LAW--EUROPE
650 ## - SUBJECT ADDED ENTRY--TOPICAL TERM
Topical term or geographic name entry element ENVIRONMENT
650 ## - SUBJECT ADDED ENTRY--TOPICAL TERM
Topical term or geographic name entry element ENVIRONMENTAL LAW--EUROPEAN ECONOMIC COMMUNITY COUNTRIES
995 ## - RECOMMENDATION 995 [LOCAL, UNIMARC FRANCE]
-- 0.00
-- CBU-MAIN LIBRARY (Kitwe)
-- 1
-- 62.00
-- 1
-- AVAILABLE
-- Main Library Open Access Collection
Holdings
Withdrawn status Lost status Source of classification or shelving scheme Damaged status Not for loan Home library Current library Shelving location Date acquired Total Checkouts Full call number Barcode Date last seen Price effective from Koha item type
          CBU-MAIN LIBRARY, KITWE. CBU-MAIN LIBRARY, KITWE.   11/30/2022   KE 6.9.N2 Kis 025902 11/30/2022 11/30/2022 MONOGRAPH